| 000 | 00351nam a2200109Ia 4500 | ||
|---|---|---|---|
| 008 | 200302s9999 xx 000 0 und d | ||
| 100 | _aSept University Proceedings of International | ||
| 245 | _aSamvad Dialogue Proceedings of International Seminar | ||
| 260 | _bSid Research Cell School Interior design Publishing | ||
| 260 | _c2012 | ||
| 300 | _a243 P., | ||
| 999 |
_c5794 _d5794 |
||